000 00713nam a2200217Ia 4500
003 GCL
008 140319s9999 xx 000 0 ara d
040 _aGCL /
_cGCL
082 0 4 _a004.678
_bج ت
100 1 _aجلال الشافعى
245 1 0 _aالتجارة الالكترونية والضرائب /
_cجلال الشافعى
250 _aالاولى
260 _aالقاهرة :
_bمطابع الاهرام ،
_c2004
300 _a111 ص ؛
_c24 سم
490 _aكتاب الاهرام الاقتصادى
_v198
650 0 4 _aالضرائب
650 0 4 _aالمحاسبة الضريبية
650 0 4 _aالإنترنت
650 0 4 _aالتجارة الالكترونية
942 _2ddc
_cBK
999 _c7671
_d7671